LEADER 01309nam 2200421 450 001 9910798004203321 005 20230808191903.0 010 $a3-86945-868-2 035 $a(CKB)3710000000604570 035 $a(MiAaPQ)EBC4688194 035 $a(EXLCZ)993710000000604570 100 $a20170705h20162016 uy 0 101 0 $ager 135 $aurcnu|||||||| 181 $2rdacontent 182 $2rdamedia 183 $2rdacarrier 200 10$aUlrich von Wilamowitz-Moellendorf $eDer deutsche Kujawiak /$fAntonio Tibiletti 210 1$aNordhausen, [Germany] :$cVerlag Traugott Bautz GmbH,$d2016. 210 4$d©2016 215 $a1 online resource (97 pages) 225 1 $aStudia Classica et Mediaevalia ;$vBand 11 311 $a3-95948-096-2 320 $aIncludes bibliographical references and index. 410 0$aStudia classica et mediaevalia ;$vBand 11. 606 $aClassicists$zGermany$vBiography 606 $aClassical philology$zGermany$xHistory 615 0$aClassicists 615 0$aClassical philology$xHistory. 676 $a480.092 700 $aTibiletti$b Antonio$01500873 801 0$bMiAaPQ 801 1$bMiAaPQ 801 2$bMiAaPQ 906 $aBOOK 912 $a9910798004203321 996 $aUlrich von Wilamowitz-Moellendorf$93727734 997 $aUNINA LEADER 01327nam0 22002891i 450 001 UON00406651 005 20231205104721.657 100 $a20120312d1972 |0itac50 ba 101 $arum 102 $aRO 105 $a|||| 1|||| 200 1 $aˆ"‰Sezatoarea" in contextul folcloristicii$fPetru Ursache 210 $aBucuresti$cEditura Minerva$d1972 215 $a335 p.$d20 cm. 410 1$1001UON00335007$12001 $aSerie Universitas 606 $aFOLKLORE$xROMANIA$3UONC073298$2FI 620 $aRO$dBucure?ti$3UONL000071 676 $a398$cFolclore$v21 700 1$aURSACHE$bPetru$3UONV208287$0708110 712 $aEditura Minerva$3UONV275495$4650 801 $aIT$bSOL$c20240220$gRICA 912 $aUON00406651 950 $aSIBA - SISTEMA BIBLIOTECARIO DI ATENEO$dSI FONDO ONCIULESCU F 0047 $eSI 957 5 0047 950 $aSIBA - SISTEMA BIBLIOTECARIO DI ATENEO$dSI FONDO ONCIULESCU F 0054 $eSI RO 759 5 0054 950 $aSIBA - SISTEMA BIBLIOTECARIO DI ATENEO$dSI FONDO ONCIULESCU F 0078 $eSI RO 1229 7 0078 $sDeteriorato 996 $aSezatoarea" in contextul folcloristicii$91346585 997 $aUNIOR